The divided West /

Bibliographic Details
Main Author: Habermas, Jürgen
Other Authors: Cronin, Ciaran (Ciaran P.)
Format: Book
Language:English
Published: Cambridge : Polity, 2006.
Subjects:

MARC

Tag First Indicator Second Indicator Subfields
LEADER 00000pam a2200000 a 4500
001 in00002199871
005 20151104095049.0
008 051018s2006 enk 001 0 eng
015 |a GBA655854  |2 bnb 
016 7 |a 013494919  |2 Uk 
020 |a 0745635180 (hbk.) 
020 |a 9780745635187 (hbk.) 
020 |a 0745635199 (pbk.) 
024 3 |a 9780745635194 
029 1 |a YDXCP  |b 2209763 
029 1 |a YDXCP  |b 2438962 
035 |a (OCoLC)ocm70173509 
035 |a (OCoLC)70173509 
040 |a UKM  |c UKM  |d C#P  |d BAKER  |d YDXCP  |d UtOrBLW 
041 1 |a eng  |h ger 
042 |a ukscp 
043 |a n-us--- 
049 |a TXAM 
050 4 |a D1065.U5  |b H2313 2006 
082 0 4 |a 909.83  |2 22 
100 1 |a Habermas, Jürgen. 
240 1 0 |a Gespaltene Westen.  |l English 
245 1 4 |a The divided West /  |c by Jürgen Habermas ; edited and translated by Ciaran Cronin. 
264 1 |a Cambridge :  |b Polity,  |c 2006. 
300 |a xxiv, 224 pages ;  |c 22 cm. 
336 |a text  |b txt  |2 rdacontent 
337 |a unmediated  |b n  |2 rdamedia 
338 |a volume  |b nc  |2 rdacarrier 
500 |a Originally published as: Der gespaltene Westen, Frankfurt am Main : Suhrkamp Verlag, 2004. 
504 |a Includes bibliographical references and index. 
650 0 |a World politics  |y 21st century. 
651 0 |a United States  |x Foreign relations. 
700 1 |a Cronin, Ciaran  |q (Ciaran P.) 
938 |a Baker & Taylor  |b BKTY  |c 19.95  |d 19.95  |i 0745635199  |n 0006827975  |s active 
938 |a YBP Library Services  |b YANK  |n 2438962 
945 |a PromptCat 
946 |a stk 
947 |a A14835018360 
994 |a 92  |b TXA 
948 |a cataloged  |b h  |c 2006/12/6  |d c  |e tcowden  |f 3:07:21 pm 
999 |a MARS 
999 f f |s 410b04bb-d087-3cc6-a27b-fe1144f40b22  |i 20fae980-4c8c-32dd-a435-64a447394c97  |t 0 
952 f f |p ric  |a Texas A&M University  |b Rellis Campus  |c Joint Library Facility  |d Remote Storage  |t 0  |e D1065.U5 H2313 2006  |h Library of Congress classification  |i unmediated -- volume  |m A14835018360 
998 f f |a D1065.U5 H2313 2006  |t 0  |l Remote Storage